Chân dung nước Mỹ (Portrait of the USA) /

Đã lưu trong:
Sonraí Bibleagrafaíochta
Príomhúdar: Clack, George
Formáid: Leabhar
Teanga:Vietnamese
Foilsithe: NXB Thanh niên, 2005.
Ábhair:
Clibeanna: Cuir Clib Leis
Gan Chlibeanna, Bí ar an gcéad duine leis an taifead seo a chlibeáil!
Thư viện lưu trữ: Mạng thư viện Đại học Đà Nẵng
LEADER 01102cam a22003251a 4500
001 000035834
003 12126
005 20220627130714.0
008 160321s2005 000 vie
041 |a vie 
082 |a 759.0971  |b CL-G 
100 |a Clack, George 
245 0 |a Chân dung nước Mỹ (Portrait of the USA) /  |c George Clack. 
260 |a NXB Thanh niên,  |c 2005. 
300 |a 105tr . : mh ; 30cm. 
650 |a Chân dung nước Mỹ , Portrait of the USA, nước Mỹ 
852 |c Giáo trình 
OWN |a LNN 
AVA |a UDN50  |b LNN  |d 759.0971 CL-G  |e available  |t Error 5001 Not defined in file expand_doc_bib_avail.  |f 1  |g 0  |h N  |i 0  |k 1 
999 |a From the UDN01 
AVA |a UDN50  |b LNN  |d 759.0971 CL-G  |e available  |t Error 5001 Not defined in file expand_doc_bib_avail.  |f 1  |g 0  |h N  |i 0  |k 1 
TYP |a Monograph 
TYP |a Printed language 
980 |a Mạng thư viện Đại học Đà Nẵng